Регионална библиотека "Любен Каравелов" - Русе

За оратора (Запис номер 59534)

MARC детайли
000 -Лидер
Контролно поле с фиксирана дължина nam a22 a 4500
003 - Код на организацията, давaща контролен номер
Контролно поле BLK
005 - Дата и час на последна редакция
Контролно поле 20230420100011.0
008 - Елементи от данни с фиксирана дължина
fixed length control field 180408b bul|||||r ||||||| ||bul||
010 ## - Наследен системен номер
LC control number KNG00063641000
040 ## - Източник на каталожния запис
Идентификатор на билиотеката - собственик на записа BLK
041 ## - Код за език
Код за езика на текст/звукозапис или на отделно заглавие Български
Код за езика КДБФ Български
080 ## - УДК
Текстов определител УДК Ораторско изкуство. Красноречие. Дебати. Публични дискусии. Психология на слушателя
УДК код - определител по УДК 808.51
УДК определител (37)
УДК - код + определител 808.51(37)
100 1# - Редна дума - Автор
Автор Цицерон, Марк Тулий
Авторска отговорност първи автор
R(LIN) 140122
139 ## - Редно поле
Редна дума Цицерон, Марк Тулий
Авторски знак Цицер - Ц 72
245 10 - Сведения за заглавието
Заглавие За оратора
Редно поле (дума) Марк Тулий Цицерон; предг. от Исак Соломон Паси; встъп. студия от Богдан Богданов; прев. от лат. Петя Стоянова.
257 ## - Страна на издаване
Страна на създаване/издаване Древен Рим
260 ## - Област на издателските данни
Място на издаване, разпространение и проч. София
Име на издателя, разпространителя и проч. Унив. изд. Св. Климент Охридски
Година на издаване 1992
300 ## - Физическа характеристика
Страници 412 с.
Размери/Мащаб 20 см
380 ## - Жанр
Жанр Литературознание
490 ## - СЕРИИ (Колекции)
Име на серия Класическо наследство
№: серия 5
9 (RLIN) 202570
500 ## - Общи забележки
Забележка Прев. е направен от Opera Rhetorica / M. Tulii Ciceronis. - Именен показалец. Кн. е изд. с конкурс на Нац. център на книгата
650 #4 - Допълнително описание по предмет – тема
Основно описание – тема или топоним Ораторско изкуство
9 (RLIN) 241886
653 ## - Ключова дума – ненормативна
Ключова дума ораторско изкуство
700 1# - Други автори (авторска отговорност)
Лично име Паси, Исак Соломон
Автороска отговорност (Описва отношението между автора и произведението) предг. от
9 (RLIN) 363338
700 1# - Други автори (авторска отговорност)
Лично име Богданов, Богдан
Автороска отговорност (Описва отношението между автора и произведението) встъп. студия от
9 (RLIN) 365783
700 1# - Други автори (авторска отговорност)
Лично име Стоянова, Петя
Автороска отговорност (Описва отношението между автора и произведението) прев. от лат.
9 (RLIN) 366116
852 ## - Местоположение
Форматна сигнатура Цб 173382
Фондова буква Хранилище
856 4# - Електронен адрес и достъп
Електронен формат pdf - файл
Инструкция (цена за достъп) 0.00
Права за достъп disable
856 4# - Електронен адрес и достъп
Електронен формат pdf - файл
Инструкция (цена за достъп) 0.00
Права за достъп disable
999 ## - СИСТЕМНИ КОНТРОЛНИ НОМЕРА
Koha biblionumber 59534
Koha biblioitemnumber 59534
942 ## - АРТИКУЛИ
Вид на библиотечния материал Книги
Скрит в OPAC Не
Периодичен библиозапис Да
944 ## - СЪЗДАВАНЕ И РЕДАКЦИЯ на ЗАПИСА
Създаване/Редакция Създаване
Дата на регистрацията/редакция 13.06.2004
Служител, извършил регистрацията/редакцията Валя_Йорданова
944 ## - СЪЗДАВАНЕ И РЕДАКЦИЯ на ЗАПИСА
Създаване/Редакция Редакция
Дата на регистрацията/редакция 02.06.2009
999 ## - СИСТЕМНИ КОНТРОЛНИ НОМЕРА
Koha biblioitemnumber 59534
999 ## - СИСТЕМНИ КОНТРОЛНИ НОМЕРА
Koha biblioitemnumber 59534
999 ## - СИСТЕМНИ КОНТРОЛНИ НОМЕРА
Koha biblioitemnumber 59534
Наличности
Код за отписване Код за изгубен артикул Източник на класификационната схема Код за повреда Коз за рестрикции Код за отдаване Артикулен № Име на библиотеката - собственик Име на библиотеката, в която се намира в момента Статус (Текущо местоположение) Дата на вписване в системата Местоположение - отдел Цена в лева Инвентарен номер Систематично азбучна сигнатура Баркод Номер на екземпляра Цена в евро Служебна бележка Служебен тип на артикула Бележка за публиката
  Не е изгубен Universal Decimal Classification Не е повреден без рестрикции ползва се в читалня 97239 Регионална библиотека "Любен Каравелов" Русе Регионална библиотека "Любен Каравелов" Русе Хранилище 2001-01-01 Хранилище 2.63 580438 Цб 173382 120000580438 1 1.34 Дост: Dp Вид: Д N: стар фонд Дата: 01.01.2001 Книги  
Изтеглен Не е изгубен Universal Decimal Classification Не е повреден без рестрикции заемане за дома 97240 Регионална библиотека "Любен Каравелов" Русе Регионална библиотека "Любен Каравелов" Русе Заемна - подръчен фонд 2001-01-01 Заемна - подръчен фонд 9.00 601655 П 82.0/Ц 72 601655 2 4.60 Дост: Pk Вид: Ф N: стар фонд Дата: 01.01.2001 Книги  
Изтеглен Не е изгубен   Не е повреден без рестрикции заемане за дома 97241 Регионална библиотека "Любен Каравелов" Русе Регионална библиотека "Любен Каравелов" Русе   2001-01-01 Заемна - подръчен фонд 9.00 657241 П 82.0/Ц 72 657241 3 4.60 Дост: Pk Вид: Ф N: стар фонд Дата: 01.01.2001 Книги Отч.N: 3 , Дата: 17.01.2018
  Не е изгубен Universal Decimal Classification Не е повреден без рестрикции заемане за дома 97242 Регионална библиотека "Любен Каравелов" Русе Регионална библиотека "Любен Каравелов" Русе Заемна - подръчен фонд 2001-01-01 Заемна - подръчен фонд 9.00 657242 82.01/.09/Ц 72 120000657242 4 4.60 Дост: Pk Вид: Ф N: стар фонд Дата: 01.01.2001 Дата инв: 08.02.2018 Бележки инв: П2018 Книги  
Изтеглен Не е изгубен Universal Decimal Classification Не е повреден без рестрикции заемане за дома 97243 Регионална библиотека "Любен Каравелов" Русе Регионална библиотека "Любен Каравелов" Русе Заемна - подръчен фонд 2001-01-01 Заемна - подръчен фонд 9.00 657243 82.01/.09/Ц 72 657243 5 4.60 Дост: Pk Вид: Ф N: стар фонд Дата: 01.01.2001 Дата инв: 08.02.2018 Бележки инв: П2018 Книги  
Изтеглен Не е изгубен Universal Decimal Classification Не е повреден без рестрикции заемане за дома 97244 Регионална библиотека "Любен Каравелов" Русе Регионална библиотека "Любен Каравелов" Русе Заемна - подръчен фонд 2001-01-01 Заемна - подръчен фонд 9.00 657244 82.01/.09/Ц 72 657244 6 4.60 Дост: Pk Вид: Ф N: стар фонд Дата: 01.01.2001 Дата инв: 19.02.2018 Бележки инв: П2018 Книги  
Vip Innovations Ltd, Rousse, Bulgaria 2025